跳出傳統看聖經 : 基督教信仰之探討 Tiao chu chuan tong kan Sheng jing : Ji du jiao xin yang zhi tan tao (Record no. 36574)
[ view plain ]
| 000 -LEADER | |
|---|---|
| fixed length control field | 00682nam a22001697a 4500 |
| 005 - DATE AND TIME OF LATEST TRANSACTION | |
| control field | 20140520110342.0 |
| 008 - FIXED-LENGTH DATA ELEMENTS--GENERAL INFORMATION | |
| fixed length control field | 130515b ch ||||| |||| 00| 0 chi d |
| 020 ## - INTERNATIONAL STANDARD BOOK NUMBER | |
| International Standard Book Number | 957202941X |
| 020 ## - INTERNATIONAL STANDARD BOOK NUMBER | |
| International Standard Book Number | 9789572029411 |
| 100 ## - MAIN ENTRY--PERSONAL NAME | |
| Personal name | 林明輝 Ming-hui Lin |
| 245 ## - TITLE STATEMENT | |
| Title | 跳出傳統看聖經 : 基督教信仰之探討 Tiao chu chuan tong kan Sheng jing : Ji du jiao xin yang zhi tan tao |
| Statement of responsibility, etc | 林明輝 Ming-hui Lin |
| 250 ## - EDITION STATEMENT | |
| Edition statement | 出版 Chu ban |
| 260 ## - PUBLICATION, DISTRIBUTION, ETC. (IMPRINT) | |
| Place of publication, distribution, etc | 台南市 Tai nan shi : |
| Name of publisher, distributor, etc | 人光出版 : 新樓書房發行代理 Ren guang chu ban : Xin lou shu fang fa xing dai li |
| Date of publication, distribution, etc | 2002 |
| 300 ## - PHYSICAL DESCRIPTION | |
| Extent | 188 p. : |
| Dimensions | 21 cm. |
| 630 ## - SUBJECT ADDED ENTRY--UNIFORM TITLE | |
| Uniform title | Bible |
| General subdivision | Criticism, interpretation, etc. {ch}. |
| 942 ## - ADDED ENTRY ELEMENTS (KOHA) | |
| Source of classification or shelving scheme | Library of Congress Classification |
| Item type | Books |
| Withdrawn status | Lost status | Source of classification or shelving scheme | Damaged status | Not for loan | Home library | Current library | Shelving location | Date acquired | Source of acquisition | Cost, normal purchase price | Accession number | Total Checkouts | Full call number | Barcode | Date last seen | Price effective from | Koha item type |
|---|---|---|---|---|---|---|---|---|---|---|---|---|---|---|---|---|---|
| Library of Congress Classification | BSOP Library | BSOP Library | Chinese Books (General Circulation) | 05/15/2013 | Hua Xuan | 196.52 | C-11552 | BS518.C5 L63 2002 | 00042942 | 05/15/2013 | 05/15/2013 | Books |
